<?xml version="1.0" encoding="UTF-8"?><?xml-stylesheet type="text/xsl" href="static/style.xsl"?><OAI-PMH xmlns="http://www.openarchives.org/OAI/2.0/" xmlns:xsi="http://www.w3.org/2001/XMLSchema-instance" xsi:schemaLocation="http://www.openarchives.org/OAI/2.0/ http://www.openarchives.org/OAI/2.0/OAI-PMH.xsd"><responseDate>2026-06-02T12:04:08Z</responseDate><request verb="GetRecord" identifier="oai:riuma.uma.es:10630/31793" metadataPrefix="marc">https://riuma.uma.es/rest/oai/request</request><GetRecord><record><header><identifier>oai:riuma.uma.es:10630/31793</identifier><datestamp>2026-02-03T10:57:14Z</datestamp><setSpec>com_10630_2254</setSpec><setSpec>col_10630_37953</setSpec></header><metadata><record xmlns="http://www.loc.gov/MARC21/slim" xmlns:dcterms="http://purl.org/dc/terms/" xmlns:doc="http://www.lyncode.com/xoai" xmlns:xsi="http://www.w3.org/2001/XMLSchema-instance" xsi:schemaLocation="http://www.loc.gov/MARC21/slim http://www.loc.gov/standards/marcxml/schema/MARC21slim.xsd">
   <leader>00925njm 22002777a 4500</leader>
   <datafield ind2=" " ind1=" " tag="042">
      <subfield code="a">dc</subfield>
   </datafield>
   <datafield ind2=" " ind1=" " tag="720">
      <subfield code="a">Pineda-Morente, Salvador</subfield>
      <subfield code="e">author</subfield>
   </datafield>
   <datafield ind2=" " ind1=" " tag="720">
      <subfield code="a">Morales-González, Juan Miguel</subfield>
      <subfield code="e">author</subfield>
   </datafield>
   <datafield ind2=" " ind1=" " tag="720">
      <subfield code="a">Porras, Álvaro</subfield>
      <subfield code="e">author</subfield>
   </datafield>
   <datafield ind2=" " ind1=" " tag="720">
      <subfield code="a">Domínguez, Concepción</subfield>
      <subfield code="e">author</subfield>
   </datafield>
   <datafield ind2=" " ind1=" " tag="260">
      <subfield code="c">2024</subfield>
   </datafield>
   <datafield ind2=" " ind1=" " tag="520">
      <subfield code="a">This paper addresses the Optimal Transmission Switching (OTS) problem in electricity networks, which aims to find an optimal power grid topology that minimizes system operation costs while satisfying physical and operational constraints. Existing methods typically convert the OTS problem into a Mixed-Integer Linear Program (MILP) using big-M constants. However, the computational performance of these approaches relies significantly on the tightness of these big-Ms. In this paper, we propose an iterative tightening strategy to strengthen the big-Ms by efficiently solving a series of bounding problems that account for the economics of the OTS objective function through an upper-bound on the generating cost. We also discuss how the performance of the proposed tightening strategy is enhanced if reduced line capacities are considered. Using the 118-bus test system we demonstrate that the proposed methodology outperforms existing approaches, offering tighter bounds and significantly reducing the computational burden of the OTS problem.</subfield>
   </datafield>
   <datafield ind1="8" ind2=" " tag="024">
      <subfield code="a">Salvador Pineda, Juan Miguel Morales, Álvaro Porras, Concepción Domínguez, Tight big-Ms for Optimal Transmission Switching, Electric Power Systems Research, Volume 234, 2024, 110620, ISSN 0378-7796, https://doi.org/10.1016/j.epsr.2024.110620</subfield>
   </datafield>
   <datafield ind1="8" ind2=" " tag="024">
      <subfield code="a">https://hdl.handle.net/10630/31793</subfield>
   </datafield>
   <datafield ind1="8" ind2=" " tag="024">
      <subfield code="a">https://doi.org/10.1016/j.epsr.2024.110620</subfield>
   </datafield>
   <datafield tag="653" ind2=" " ind1=" ">
      <subfield code="a">Conmutación (Electricidad)</subfield>
   </datafield>
   <datafield tag="653" ind2=" " ind1=" ">
      <subfield code="a">Conmutación, Teoría de</subfield>
   </datafield>
   <datafield ind2="0" ind1="0" tag="245">
      <subfield code="a">Tight big-Ms for optimal transmission switching</subfield>
   </datafield>
</record>
</metadata></record></GetRecord></OAI-PMH>